000 00965nam a2200289 i 4500
001 42111
003 Mx-PuUPA
005 20250815122055.0
008 250815s2018 mx gr 001 0 spa d
020 _a978607300542
040 _aMx-PuUPA
_bspa
_cMx-PuUPA
_dMx-PuUPA
_erda
041 0 _aspa
245 1 0 _aManual de hermeneútica /
_cMauricio Beuchot, Alberto Vidal, compiladores
250 _aPrimera edición /
_bjunio
264 1 _aCiudad de México :
_bUniversidad Nacional Autónoma de México,
_c2018
300 _a281 páginas ;
_c21 cm
336 _2rdacontent
_atexto
_btxt
337 _2rdamedia
_asin medio
_bn
338 _2rdacarrier
_avolumen
_bnc
490 0 _aCuadernos del Seminario de Hermeneútica ;
_v30
650 7 _2armarc
_aHermeneútica
700 1 _aBeuchot, Mauricio,
_ecompilador
700 1 _aVital, Alberto,
_ecompilador
942 _2ddc
_cLI
_h121.686
_iM266
999 _c73118
_d73118